Gerardo Martino's Mexico - Statistics

General Stats
  • This quiz has been taken 4 times
  • The average score is 49 of 88
Answer Stats
Rank Player Position Nationality Matches Goals Assists % Correct
14 Andrés Guardado Central Midfield 29 3 2
100%
66 Arturo González Left Winger 1 0 0
100%
4 Carlos Rodríguez Defensive Midfield 39 0 3
100%
2 Edson Álvarez Defensive Midfield 41 2 1
100%
51 Efraín Álvarez Right Winger 4 0 0
100%
37 Érick Sánchez Central Midfield 8 1 0
100%
7 Guillermo Ochoa Goalkeeper 35 0 0
100%
13 Hirving Lozano Left Winger 29 8 7
100%
52 Hugo González Goalkeeper 3 0 0
100%
65 Iván Rodríguez Defensive Midfield 2 0 0
100%
81 Jonathan González Defensive Midfield 1 0 0
100%
15 Jorge Sánchez Right-Back 28 1 0
100%
57 Julián Araujo Right-Back 3 0 0
100%
31 Kevin Álvarez Right-Back 10 0 0
100%
16 Luis Rodríguez Right-Back 28 2 2
100%
8 Néstor Araújo Centre-Back 35 0 0
100%
38 Osvaldo Rodríguez Left-Back 7 1 0
100%
29 Alfredo Talavera Goalkeeper 12 0 0
67%
21 Carlos Salcedo Centre-Back 23 1 0
67%
12 César Montes Centre-Back 29 1 2
67%
54 Chicharito Centre-Forward 3 2 0
67%
36 Diego Reyes Centre-Back 8 1 0
67%
9 Héctor Herrera Central Midfield 34 5 6
67%
5 Héctor Moreno Centre-Back 36 2 1
67%
58 Israel Reyes Centre-Back 3 1 0
67%
83 Jairo Torres Right Winger 1 0 0
67%
1 Jesús Gallardo Left-Back 50 1 4
67%
24 Jonathan dos Santos Defensive Midfield 20 5 1
67%
86 Jonathan Gómez Left-Back 1 0 0
67%
68 Jordan Silva Centre-Back 1 1 0
67%
41 Julio César Domínguez Centre-Back 6 0 0
67%
43 Luis Montes Attacking Midfield 6 2 0
67%
77 Luis Reyes Left-Back 1 0 0
67%
49 Miguel Layún Right-Back 4 0 0
67%
6 Orbelín Pineda Central Midfield 36 5 6
67%
11 Raúl Jiménez Centre-Forward 31 14 11
67%
17 Roberto Alvarado Attacking Midfield 28 4 3
67%
42 Rodolfo Cota Goalkeeper 6 0 0
67%
22 Rodolfo Pizarro Attacking Midfield 23 2 5
67%
71 Salvador Reyes Left-Back 1 0 0
67%
3 Uriel Antuna Right Winger 40 10 10
67%
50 Alan Cervantes Defensive Midfield 4 0 0
33%
62 Alan Mozo Right-Back 2 0 0
33%
40 Alan Pulido Centre-Forward 7 0 0
33%
19 Alexis Vega Left Winger 26 6 3
33%
63 Álex Zendejas Right Winger 2 0 0
33%
76 Arturo Ortiz Centre-Back 1 0 0
33%
47 Carlos Acevedo Goalkeeper 4 0 0
33%
48 Cristian Calderón Left-Back 4 0 1
33%
67 David Ramírez Right-Back 1 0 0
33%
25 Diego Lainez Right Winger 19 3 3
33%
61 Eduardo Aguirre Centre-Forward 3 0 0
33%
87 Emilio Lara Right-Back 1 0 0
33%
32 Érick Aguirre Right-Back 9 0 0
33%
23 Érick Gutiérrez Central Midfield 22 1 3
33%
59 Érik Lira Defensive Midfield 3 0 0
33%
35 Fernando Beltrán Central Midfield 9 0 0
33%
55 Fernando Navarro Central Midfield 3 1 0
33%
84 Francisco Venegas Left-Back 1 0 0
33%
28 Gerardo Arteaga Left-Back 13 1 0
33%
45 Gilberto Sepúlveda Centre-Back 5 0 0
33%
69 Haret Ortega Centre-Back 1 0 0
33%
20 Henry Martin Centre-Forward 24 6 1
33%
74 Isaác Brizuela Right Winger 1 0 0
33%
72 Ismael Govea Right-Back 1 0 0
33%
33 Jesús Angulo Left-Back 9 0 0
33%
56 Jesús Angulo Attacking Midfield 3 1 0
33%
10 Jesús Corona Right Winger 31 3 5
33%
85 Jesús Godínez Centre-Forward 1 0 0
33%
39 Johan Vásquez Centre-Back 7 0 0
33%
46 Jonathan Orozco Goalkeeper 4 0 0
33%
88 Jordán Carrillo Left Winger 1 0 0
33%
82 José Esquivel Defensive Midfield 1 0 0
33%
44 José Juan Macías Centre-Forward 5 4 0
33%
75 José Juan Vázquez Defensive Midfield 1 0 0
33%
30 Luis Chávez Defensive Midfield 12 1 1
33%
64 Luis Olivas Centre-Back 2 0 0
33%
18 Luis Romo Central Midfield 27 1 3
33%
60 Marcelo Flores Left Winger 3 0 0
33%
73 Marco Fabián Attacking Midfield 1 0 0
33%
80 Mauro Laínez Left Winger 1 0 0
33%
78 Omar Govea Defensive Midfield 1 0 0
33%
70 Paolo Yrízar Centre-Forward 1 0 0
33%
53 Raúl Gudiño Goalkeeper 3 0 0
33%
26 Rogelio Funes Mori Centre-Forward 17 6 0
33%
34 Santiago Gimenez Centre-Forward 9 2 1
33%
27 Sebastián Córdova Attacking Midfield 14 3 3
33%
79 Víctor Guzmán Attacking Midfield 1 0 0
33%
No matching quizzes found
Score Distribution
Percent of People with Each Score
Percentile by Number Answered
Your Score History
You have not taken this quiz